| 000 | nam a22 a 4500 | ||
|---|---|---|---|
| 999 |
_c4453 _d4453 |
||
| 005 | 20170530102513.0 | ||
| 008 | 170530b2002 my ||||| |||| 00| 0 may d | ||
| 040 | _aAKMAL | ||
| 082 | _a352.448595 ROS | ||
| 090 |
_a352.448595 _bROS |
||
| 100 |
_aRosli bin Mohamad _98635 |
||
| 245 |
_aTahap Profesionalisme Pegawai Skim Perkidmatan Penguasa Kastam : _bSatu Kajian di Jabatan Kastam Diraja Malaysia _cRosli bin Mohamad |
||
| 260 |
_aMalaysia : _c2002 |
||
| 300 |
_avarious pages _ccm |
||
| 942 |
_2ddc _cBOOK |
||